| 000 | 02023nam a2200517 i 4500 | ||
|---|---|---|---|
| 001 | 30229 | ||
| 003 | KOSZ 005 | ||
| 005 | 20200803100637.0 | ||
| 008 | 980702s1994 pl a f |000 0 pol | ||
| 015 | _aUWD 1996/579 | ||
| 020 | _a8385949607 | ||
| 035 | _a991003851069705066 | ||
| 035 | _a(PL-WaBN)b11027344-48omnis_nlop | ||
| 035 | _ab11027344 | ||
| 035 | _a(OCoLC)749238536 | ||
| 035 | _a(PL)b0000001102734 | ||
| 035 | _a(EXLNZ-48OMNIS_NETWORK)9910134044405606 | ||
| 040 |
_aWA N _cWA N _dKOSZ 005/EG |
||
| 041 | 0 |
_apol _beng |
|
| 080 | _a551.4 | ||
| 080 | _a556 | ||
| 080 | _a504 | ||
| 080 | _a(438) | ||
| 245 | 0 | 0 |
_aZintegrowany monitoring środowiska przyrodniczego = _bIntegrated monitoring of the natural environment : Stacja Bazowa Szymbark (Karpaty Fliszowe) = Base Station Szymbark (Flysch Carpathians) / _cpod red. Leszka Starkla i Eugeniusza Gila ; Państwowa Inspekcja Ochrony Środowiska, Instytut Geografii i Przestrzennego Zagospodarowania PAN [Polskiej Akademii Nauk]. |
| 260 |
_aWarszawa : _bPIOŚ, _c1994. |
||
| 300 |
_a168, [1] s., [1] k. tabl. złoż. : _bmapy, rys., wykr. ; _c24 cm. |
||
| 336 |
_aTekst _btxt _2rdacontent |
||
| 337 |
_aBez urządzenia pośredniczącego _bn _2rdamedia |
||
| 338 |
_aWolumin _bnc _2rdacarrier |
||
| 380 | _aKsiążki | ||
| 388 | _a1901-2000 | ||
| 388 | _a1989-2000 | ||
| 490 | 1 | _aBiblioteka Monitoringu Środowiska | |
| 504 | _aBibliogr. s. 165-168. - Summ. | ||
| 650 | _aŚrodowisko | ||
| 650 | _aGeografia fizyczna | ||
| 651 | 7 |
_aSzymbark (woj. małopolskie ; okręg) _2DBN |
|
| 658 | _aOchrona środowiska | ||
| 700 | 1 |
_aGil, Eugeniusz _d(1940- ) _eRedakcja |
|
| 700 | 1 |
_aStarkel, Leszek _d(1931- ) _eRedakcja |
|
| 710 | 2 |
_aPaństwowa Inspekcja Ochrony Środowiska _4pbl |
|
| 830 | 0 | _aBiblioteka Monitoringu Środowiska | |
| 856 |
_uhttp://koha.tu.koszalin.pl/cgi-bin/koha/opac-detail.pl?biblionumber=30229 _yKatalog online BPK |
||
| 942 |
_2UKD _cKS |
||
| 999 |
_c30229 _d30229 |
||